Statistics for -INE Vocabulary Words

Click here to take the quiz!

General Stats

  • This quiz has been taken 121 times
  • The average score is 13 of 20

Answer Stats

hintword% Correct
of catsfeline
95%
petrol, in the USgasoline
93%
synthetic butter substitutemargarine
90%
prickly animalporcupine
87%
patch used to help quit smokingnicotine
83%
company that flies planesairline
81%
complain, often in a high-pitched waywhine
81%
one of Australia's first peopleaborigine
78%
climbing plantvine
73%
citrus fruittangerine
69%
very thin bone fracturehairline
67%
uphill slopeincline
67%
Clchlorine
59%
inspect something to determine its natureexamine
49%
small building marking a holy placeshrine
47%
steep-walled valleyravine
45%
layer of tooth beneath enameldentine
43%
serve from behind this in tennisbaseline
41%
fragrant flower speciesjasmine
29%
sexually uninhibited manlibertine
19%

Score Distribution

Percentile by Number Answered

Percent of People with Each Score

Your Score History

You have not taken this quiz